000 00752nam a2200289Ia 4500
005 20260324120636.0
008 008 260324s9999 xx 000 0 eng d
020 _a9781315633626
037 _aEBOOK
040 _aCRL
040 _beng
040 _cCRL
041 _2eng
041 _aeng
084 _qCRL
100 _aMelissa R Michelson; Jessica L Lavariega Monforti; Maria Chavez
_91159387
245 0 _aLiving the Dream
245 0 _bNew Immigration Policies and the Lives of Undocumented Latino Youth
260 _bTaylor and Francis
260 _c2015
365 _a
365 _b300
856 _uhttp://www.taylorfrancis.com/books/9781315633626
942 _cEBOOK
999 _c1751022
_d1751022